书目信息 |
| 题名: |
"忠"观念研究
|
|
| 作者: | 王子今 | |
| 分册: | ||
| 出版信息: | 长春 吉林教育出版社 1999 |
|
| 页数: | 370页 | |
| 开本: | 20cm | |
| 丛书名: | ||
| 单 册: | ||
| 中图分类: | B262 | |
| 科图分类: | ||
| 主题词: | 哲学--中国--现代 | |
| 电子资源: | ||
| ISBN: | 7-5383-3749-0 | |
| 000 | 00657nam0 2200193 450 | |
| 001 | 0728815141 | |
| 005 | 20070819080015.14 | |
| 010 | @a7-5383-3749-0@d¥18.00 | |
| 100 | @a20070819d km y0chiy0120 ea | |
| 101 | 0 | @achi |
| 200 | 1 | @a"忠"观念研究@A"zhong"guan nian yan jiu@e一种政治道德等 文化源流与历史演变@f王子今@Fwang zi jin |
| 210 | @a长春@c吉林教育出版社@d1999 | |
| 215 | @a370页@d20cm | |
| 517 | 1 | @a一种政治道德等 文化源流与历史演变@Ayi zhong zheng zhi dao de deng wen hua yuan liu yu li shi yan bian |
| 606 | 0 | @a哲学@x中国@x现代 |
| 690 | @aB262@v3 | |
| 701 | 0 | @a王子今@Awang zi jin |
| 801 | 0 | @aCN@bPFT@c20070819 |
| 905 | @a213230@dB262@eZW247@f1 | |
| "忠"观念研究:一种政治道德等 文化源流与历史演变/王子今.-长春:吉林教育出版社,1999 |
| 370页;20cm |
| ISBN 7-5383-3749-0:¥18.00 |
| ● |
| 相关链接 |
|
|
|
|
正题名:"忠"观念研究
索取号:B262/ZW247
 
预约/预借
| 序号 | 登录号 | 条形码 | 馆藏地/架位号 | 状态 | 备注 |
| 1 | 7600388 | 276003888 | 密集书库-资源管理系/ [索取号:B262/ZW247] | 在馆 |